[Event "AUTO-INT-3323"]
[Site "http://www.queenalice.com/game.php?id=1528138"]
[Date "2018.5.22"]
[Round "2"]
[White "Ruusgugg"]
[Black "qxr"]
[Result "0-1"]
[WhiteElo "1559"]
[BlackElo "1705"]

1. e4 c5 2. Bc4 e6 3. f4 Be7 4. Nf3 h6 5. O-O Qc7 6. g3 Nf6 7. e5 Nd5 8. d4 O-O
9. h4 f6 10. Nc3 cxd4 11. Qxd4 Nc6 12. Qe4 f5 13. Qd3 Ndb4 14. Qd2 Bc5+ 15. Kg2
Be7 16. Nb5 Qb6 17. a4 a6 18. Nbd4 Qd8 19. c3 Nxd4 20. Qxd4 Nc2 21. Qd2 Nxa1 22.
Qe2 b5 23. axb5 axb5 24. Bxb5 Nb3 25. Be3 Bc5 26. Bxc5 Nxc5 27. Nd4 Bb7+ 28. Kg1
Ra5 29. Bc4 Qa8 30. Qf2 Ra1 31. Rxa1 Qxa1+ 32. Bf1 Ne4 33. Qe3 Ba6 34. Ne2 Bxe2
35. Qxe2 Nxg3 36. Qg2 Nxf1 37. Qxf1 Qxf1+ 38. Kxf1 Rb8 39. b4 Rc8 40. Kf2 Rxc3
41. h5 Rb3 42. Kg2 Rxb4 43. Kg3 Kf7 44. Kh4 Rxf4+ 45. Kg3 Re4 46. Kf3 Rxe5 47.
Kf4 Re1 48. Kg3 d5 0-1

[Event "AUTO-INT-3323"]
[Site "http://www.queenalice.com/game.php?id=1528139"]
[Date "2018.5.22"]
[Round "2"]
[White "qxr"]
[Black "Parma"]
[Result "1-0"]
[WhiteElo "1652"]
[BlackElo "1918"]

1. Nf3 d5 2. g3 e6 3. Bg2 c5 4. O-O Nf6 5. d3 Be7 6. Re1 O-O 7. c3 Nc6 8. e3 b6
9. Nbd2 Bb7 10. b3 Rb8 11. Bb2 1-0

[Event "AUTO-INT-3323"]
[Site "http://www.queenalice.com/game.php?id=1528140"]
[Date "2018.5.22"]
[Round "2"]
[White "Parma"]
[Black "qxr"]
[Result "0-1"]
[WhiteElo "1891"]
[BlackElo "1679"]

1. d4 c5 2. Nf3 cxd4 3. Nxd4 Nf6 4. e3 g6 5. g3 e6 6. Bg2 Bg7 7. O-O O-O 8. c4
d6 9. Qb3 Qe7 10. Nc3 a6 11. Na4 Bd7 12. Nb6 Ra7 0-1

[Event "AUTO-ADV-3957"]
[Site "http://www.queenalice.com/game.php?id=1529337"]
[Date "2018.6.1"]
[Round "2"]
[White "MMA34"]
[Black "qxr"]
[Result "1-0"]
[WhiteElo "2221"]
[BlackElo "1715"]

1. d4 Nf6 2. c4 g6 3. Nc3 Bg7 4. e4 c6 5. e5 Ng8 6. Bf4 e6 7. Nf3 f6 8. Bd3 b6
9. Ne4 Bf8 10. Nd6+ Bxd6 11. exd6 Ba6 12. O-O Qc8 13. Re1 Qb7 14. b4 Qc8 15. g4
g5 16. Be3 c5 17. dxc5 Nc6 18. b5 Nb4 19. Bf1 Bb7 20. Be2 Rb8 21. a3 Na6 22.
bxa6 Bxa6 23. cxb6 axb6 24. Qc1 Qb7 25. Nxg5 fxg5 26. Bxg5 h6 27. Bh4 Rc8 28.
Qc3 Rh7 29. Bd3 Qb8 30. Bxh7 1-0

[Event "AUTO-ADV-3957"]
[Site "http://www.queenalice.com/game.php?id=1529338"]
[Date "2018.6.1"]
[Round "2"]
[White "qxr"]
[Black "MMA34"]
[Result "0-1"]
[WhiteElo "1713"]
[BlackElo "2222"]

1. Nf3 Nf6 2. c4 c5 3. Nc3 b6 4. e4 Nc6 5. d4 cxd4 6. Nxd4 Bb7 7. Be2 e6 8. Nxc6
dxc6 9. Bf3 Bb4 10. Bd2 O-O 11. O-O Qc7 12. a3 Be7 13. e5 Nd7 14. Re1 Rad8 15.
Qc2 Nxe5 16. Be2 c5 17. Rad1 a6 18. Bf4 Qc6 19. f3 Ng6 20. Bg3 f5 21. Rxd8 Rxd8
22. b3 Bf6 23. Nd1 f4 24. Bf2 Qd7 25. b4 cxb4 26. axb4 b5 27. cxb5 axb5 28. Bc5
Bc6 29. Nf2 Qd2 30. Qb1 Ne5 31. Rd1 Qxe2 32. Re1 Nxf3+ 33. gxf3 Qxf3 34. Kf1
Qg2+ 35. Ke2 Bf3# 0-1

[Event "AUTO-ADV-3957"]
[Site "http://www.queenalice.com/game.php?id=1529339"]
[Date "2018.6.1"]
[Round "2"]
[White "diegem"]
[Black "qxr"]
[Result "1-0"]
[WhiteElo "2045"]
[BlackElo "1688"]

1. e4 c5 2. c3 Nf6 3. e5 Nd5 4. d4 e6 5. Nf3 h6 6. Bc4 Be7 7. Bd2 b6 8. O-O Bb7
9. a4 d6 10. Bxd5 Bxd5 11. Na3 a6 12. Be3 Nc6 13. Nd2 Bg5 14. c4 Bxe3 15. fxe3
Bxg2 16. Kxg2 Qg5+ 17. Kf2 dxe5 18. Nf3 Qf6 19. dxe5 Nxe5 20. Rb1 g5 21. Ke2 Qg7
22. Qd6 Nd7 23. Rg1 f6 24. Qxe6+ Kf8 25. Rbd1 Rd8 26. Nh4 Re8 27. Qf5 Kg8 28.
Rxd7 1-0

[Event "AUTO-ADV-3957"]
[Site "http://www.queenalice.com/game.php?id=1529340"]
[Date "2018.6.1"]
[Round "2"]
[White "qxr"]
[Black "diegem"]
[Result "1-0"]
[WhiteElo "1686"]
[BlackElo "2057"]

1. Nf3 Nc6 2. d4 e6 3. e4 d5 4. exd5 exd5 5. Bb5 Nf6 6. Nc3 Bb4 7. Bd2 Bxc3 8.
bxc3 O-O 9. h3 Ne4 10. O-O Ne7 11. Be1 c6 12. Bd3 Bf5 13. Qe2 Nf6 14. Nh4 Be6
15. c4 Qc8 16. cxd5 Nexd5 17. Bd2 Re8 18. Qf3 Ne7 19. Bg5 Bd5 20. Qd1 Nd7 21.
Re1 Be6 22. Nf3 Nd5 23. Qd2 N5f6 24. c4 a5 25. Rac1 Qb8 26. Bf4 Qc8 27. d5 Bxh3
28. gxh3 Rxe1+ 29. Rxe1 Nc5 30. Bc2 Qxh3 31. Nh2 cxd5 32. cxd5 Qd7 33. d6 b6 34.
f3 Nb7 35. Re7 Qc6 36. Bb3 Rf8 37. Rc7 1-0

[Event "AUTO-INT-3317"]
[Site "http://www.queenalice.com/game.php?id=1529755"]
[Date "2018.6.4"]
[Round "2"]
[White "krystian"]
[Black "qxr"]
[Result "1-0"]
[WhiteElo "1366"]
[BlackElo "1658"]

1. e4 c5 2. Nf3 f6 3. d4 cxd4 4. Nxd4 e5 5. Nb5 a6 6. N5c3 Bb4 7. Bd2 Ne7 8. Bc4
d6 9. f4 Nbc6 10. a3 Bc5 11. f5 d5 12. exd5 Na5 13. Ba2 Bxf5 14. b4 Bd4 15. bxa5
Nxd5 16. Bxd5 Qxa5 17. Be4 Bxe4 18. Nxe4 Qd5 19. Qh5+ Ke7 20. Nbc3 Qc6 21. Rb1
g6 22. Qf3 Rhf8 23. Ne2 a5 24. Nxd4 exd4 25. Qd3 Rad8 26. Bxa5 Kf7 27. Bxd8 Rxd8
28. O-O f5 29. Nd2 b5 30. Rxb5 1-0

[Event "AUTO-INT-3317"]
[Site "http://www.queenalice.com/game.php?id=1529756"]
[Date "2018.6.4"]
[Round "2"]
[White "qxr"]
[Black "krystian"]
[Result "1-0"]
[WhiteElo "1676"]
[BlackElo "1370"]

1. Nf3 d5 2. d4 Bg4 3. e3 Nf6 4. Be2 e6 5. h3 Bxf3 6. Bxf3 c5 7. O-O cxd4 8.
exd4 Bd6 9. c4 Bc7 10. Bg5 Qd6 11. g3 Ne4 12. Bf4 Qb6 13. Bxc7 Qxc7 14. Bxe4
dxe4 15. Qe2 f5 16. Nc3 O-O 17. b3 a6 18. d5 exd5 19. Nxd5 Qe5 20. Rae1 Nc6 21.
Kh1 Nd4 22. Qh5 Rac8 23. Qh4 Rce8 24. f4 Qd6 25. Rd1 Nc6 26. Ne3 1-0

[Event "AUTO-INT-3317"]
[Site "http://www.queenalice.com/game.php?id=1529761"]
[Date "2018.6.4"]
[Round "2"]
[White "qxr"]
[Black "Nuzzera"]
[Result "0-1"]
[WhiteElo "1680"]
[BlackElo "1539"]

1. Nf3 e6 2. c4 c5 3. g3 b6 4. Bg2 Bb7 5. O-O d5 6. Ne5 Qc7 7. d3 Qxe5 8. Bf4
Qxb2 9. Nd2 Qf6 10. Re1 Nc6 11. e4 dxc4 12. dxc4 e5 13. Be3 Rd8 14. h4 Nb4 15.
Nf3 Rxd1 16. Rexd1 Bxe4 17. Rd2 Bxf3 18. Bxf3 e4 19. Bg4 Qxa1+ 20. Kg2 Qe1 21.
Bd7+ Ke7 22. Bc6 Nxc6 0-1

[Event "AUTO-INT-3317"]
[Site "http://www.queenalice.com/game.php?id=1529762"]
[Date "2018.6.4"]
[Round "2"]
[White "Nuzzera"]
[Black "qxr"]
[Result "0-1"]
[WhiteElo "1597"]
[BlackElo "1619"]

1. e3 e5 2. Nf3 Nc6 3. Bb5 a6 4. Bxc6 dxc6 5. Nxe5 Qe7 6. d4 Nf6 7. Qf3 Bg4 8.
Qg3 O-O-O 9. Nxg4 Ne4 10. Qh3 Kb8 11. Ne5 f6 12. Ng6 Ng5 13. Qh4 Qe6 14. Nxh8
Be7 15. f4 Ne4 16. Qxh7 Qg4 17. g3 Qf3 18. Rf1 Qg4 19. Qxe4 Rxh8 20. Qxe7 Rxh2
21. Rf2 Rh1+ 22. Kd2 Qd1+ 23. Kc3 Qe1+ 24. Rd2 Qxc1 25. d5 Qe1 26. Qd8+ Ka7 27.
dxc6 Qxe3+ 28. Rd3 Qc5+ 29. Kb3 Qxc6 30. Qd5 Qb6+ 31. Ka3 Rh2 32. Qd4 c5 33. Qd6
Qa5+ 34. Kb3 Qb4# 0-1

[Event "AUTO-INT-3317"]
[Site "http://www.queenalice.com/game.php?id=1529763"]
[Date "2018.6.4"]
[Round "2"]
[White "qxr"]
[Black "Jackzapo"]
[Result "0-1"]
[WhiteElo "1624"]
[BlackElo "1896"]

1. Nf3 d5 2. e3 c5 3. b3 Nc6 4. Bb5 a6 5. Bxc6+ bxc6 6. O-O Nf6 7. d3 Qc7 8. Bb2
g6 9. Nbd2 Bg7 10. Be5 Qd8 11. h3 O-O 12. c3 a5 13. a4 c4 14. d4 Ba6 15. Re1
cxb3 16. Nxb3 Bc4 17. Nbd2 Ne4 18. Bxg7 Kxg7 19. Nxe4 dxe4 20. Ne5 Be6 21. Ng4
Qd6 22. Rc1 f6 23. Nh2 Rab8 24. Kh1 Bc4 25. f3 exf3 26. Qxf3 Rb2 27. e4 Rfb8 28.
e5 fxe5 29. dxe5 Qe6 30. Qe3 Bd5 31. Re2 Rxe2 32. Qxe2 Qxh3 33. Rg1 Qxc3 34. Ng4
Rb2 35. Qf1 Qh3+ 0-1

[Event "AUTO-INT-3317"]
[Site "http://www.queenalice.com/game.php?id=1529764"]
[Date "2018.6.4"]
[Round "2"]
[White "Jackzapo"]
[Black "qxr"]
[Result "1-0"]
[WhiteElo "1877"]
[BlackElo "1630"]

1. d4 Nf6 2. c4 Nc6 3. Nc3 e6 4. Nf3 Bb4 5. a3 Be7 6. b4 d6 7. e4 O-O 8. Bd3 Bd7
9. O-O Qc8 10. h3 a6 11. e5 Ne8 12. Re1 f6 13. exd6 cxd6 14. Qc2 f5 15. d5 exd5
16. Nxd5 Nf6 17. Nxe7+ Nxe7 18. Rxe7 Be6 19. Bg5 g6 20. Re1 Rf7 21. R7xe6 Ne4
22. Bxe4 fxe4 23. Qxe4 Qd7 24. Bh6 Rc8 25. Re8+ 1-0

[Event "AUTO-ADV-4028"]
[Site "http://www.queenalice.com/game.php?id=1530654"]
[Date "2018.6.11"]
[Round "1"]
[White "Canaye"]
[Black "qxr"]
[Result "1-0"]
[WhiteElo "1841"]
[BlackElo "1711"]

1. d4 Nf6 2. c4 Nc6 3. Nc3 d6 4. e4 e6 5. Nf3 h6 6. Bd3 a6 7. O-O Be7 8. Re1 O-O
9. Qc2 e5 10. dxe5 dxe5 11. Nd5 Nxd5 12. exd5 Nb4 13. Qb1 Nxd3 14. Qxd3 Bf6 15.
Nxe5 Bxe5 16. Rxe5 Bd7 17. Qg3 c6 18. d6 Be6 19. c5 b6 20. Bxh6 Qf6 21. Bg5 Qg6
22. Rae1 Rae8 23. Be7 Rxe7 24. Qxg6 fxg6 25. dxe7 1-0

[Event "AUTO-ADV-4028"]
[Site "http://www.queenalice.com/game.php?id=1530655"]
[Date "2018.6.11"]
[Round "1"]
[White "qxr"]
[Black "Canaye"]
[Result "0-1"]
[WhiteElo "1700"]
[BlackElo "1837"]

1. Nf3 e6 2. c4 d5 3. g3 c5 4. Bg2 d4 5. O-O Nc6 6. d3 Nf6 7. a3 Be7 8. e3 e5 9.
exd4 cxd4 10. b4 a6 11. Re1 O-O 12. Nxe5 Nxe5 13. h3 Ng6 14. Nd2 Rb8 15. Nf3 b6
16. Bb2 Bb7 17. Kh2 Qc7 18. Bxd4 Rfe8 19. Ne5 Bxg2 20. Kxg2 Bd6 21. Nxg6 fxg6
22. Ra2 Nh5 23. Re3 Rxe3 24. Bxe3 Re8 25. Qb3 Bxg3 26. c5+ Kh8 0-1

[Event "AUTO-ADV-4028"]
[Site "http://www.queenalice.com/game.php?id=1530668"]
[Date "2018.6.11"]
[Round "1"]
[White "Shizumaru_Hisame"]
[Black "qxr"]
[Result "1-0"]
[WhiteElo "1833"]
[BlackElo "1689"]

1. e4 c5 2. f4 g6 3. Nf3 Bg7 4. c3 d6 5. Bc4 e6 6. Qb3 Nc6 7. f5 b6 8. O-O Na5
9. Qa4+ Bd7 10. Bb5 Nf6 11. fxg6 fxg6 12. Bxd7+ Nxd7 13. d3 Rb8 14. Ng5 Bf6 15.
Nxe6 Ke7 16. Nf4 b5 17. Nd5+ Kf7 18. Qd1 Kg7 19. Qg4 Ne5 20. Qh3 Be7 21. Bh6+
Kg8 22. Qe6+ 1-0

[Event "AUTO-ADV-4028"]
[Site "http://www.queenalice.com/game.php?id=1530669"]
[Date "2018.6.11"]
[Round "1"]
[White "qxr"]
[Black "Shizumaru_Hisame"]
[Result "0-1"]
[WhiteElo "1679"]
[BlackElo "1874"]

1. Nf3 f6 2. d4 d6 3. e3 a6 4. Be2 b5 5. a3 Bb7 6. O-O Qd7 7. c4 Qc6 8. Qc2 e6
9. Qb3 bxc4 10. Bxc4 d5 11. Bd3 Qb6 12. Qc2 Bd6 13. Re1 Ne7 14. Nc3 e5 15. dxe5
fxe5 16. e4 dxe4 17. Nxe4 O-O 18. Be3 Qc6 19. Qb3+ Kh8 20. Rac1 Qd5 21. Qc2 Qg8
22. Neg5 g6 23. Bc4 Bd5 24. Be2 Nf5 25. Bc5 Nd7 26. Bxd6 cxd6 27. Qc3 Rfe8 28.
Red1 Rac8 29. Qa5 Bb7 30. Rc3 Rxc3 31. Qxc3 h6 32. Nh3 Nf6 33. Qb4 Bc8 34. Bd3
e4 35. Bc4 Qg7 36. Nd4 d5 37. Bb3 Nh4 38. Qa5 Bxh3 39. gxh3 Qb7 40. Ba4 Rg8 41.
Qc3 g5 42. b4 g4 43. Kh1 gxh3 44. Qxh3 Qg7 45. Ne2 Ng4 46. Qxh4 Qb2 47. Rf1 Qxe2
0-1

[Event "AUTO-ADV-4028"]
[Site "http://www.queenalice.com/game.php?id=1530676"]
[Date "2018.6.11"]
[Round "1"]
[White "pacou93"]
[Black "qxr"]
[Result "0-1"]
[WhiteElo "1667"]
[BlackElo "1652"]

1. e4 c5 2. Nf3 f6 3. d4 e6 4. Nc3 Bd6 5. Be3 Qa5 6. Be2 e5 7. O-O exd4 8. Nb5
Be5 9. Bd2 Qb6 10. Nxe5 fxe5 11. f4 a6 12. Na3 Qxb2 13. Nc4 Qxa1 14. Qxa1 Nc6
15. Nd6+ Ke7 16. Nf5+ Kd8 17. Nxg7 d6 18. fxe5 dxe5 19. Rf8+ Kc7 0-1

[Event "AUTO-ADV-4028"]
[Site "http://www.queenalice.com/game.php?id=1530677"]
[Date "2018.6.11"]
[Round "1"]
[White "qxr"]
[Black "pacou93"]
[Result "1-0"]
[WhiteElo "1634"]
[BlackElo "1685"]

1. Nf3 d5 2. g3 Nf6 3. Bg2 Bf5 4. d3 Nc6 5. O-O Qd7 6. Bf4 O-O-O 7. a3 Bh3 8.
Ng5 Bxg2 9. Kxg2 Qe8 10. c3 e5 11. Bd2 h6 12. Nf3 Bd6 13. h3 g5 14. g4 e4 15.
dxe4 dxe4 16. Nd4 Nxd4 17. cxd4 h5 18. Bxg5 1-0

[Event "AUTO-INT-3329"]
[Site "http://www.queenalice.com/game.php?id=1547364"]
[Date "2018.10.27"]
[Round "2"]
[White "Nelsonbento"]
[Black "qxr"]
[Result "1-0"]
[WhiteElo "1568"]
[BlackElo "1710"]

1. e4 c5 2. a4 d6 3. Bb5+ Nd7 4. d4 b6 5. d5 Bb7 6. Qg4 Nf6 7. Qf5 Bc8 8. Bg5 h6
9. Bxf6 exf6 10. h4 Be7 11. h5 O-O 12. g4 Ne5 13. Qf4 Nxg4 14. Nc3 Ne5 15. O-O-O
Bd7 16. Nge2 a6 17. Bxd7 Qxd7 18. Rdg1 Kh8 19. Ng3 Rg8 20. Nf5 Bf8 21. Rg2 b5
22. Rhg1 g5 23. Qe3 Nc4 24. Qg3 bxa4 25. b3 axb3 26. cxb3 Na3 27. Qe3 Bg7 28.
Nxg7 Rxg7 29. f4 Nb5 30. fxg5 fxg5 31. Ne2 f6 32. Ng3 Rf7 33. Nf5 Kh7 34. Nh4
Rg8 35. e5 dxe5 36. Qe4+ Kg7 37. Nf5+ Kf8 38. Nxh6 Nd6 39. Qc2 Nf5 40. Qxc5+ Kg7
41. Nxf7 Nd4 42. Nxg5 Nxb3+ 43. Kd1 Nxc5 44. Ne6+ Kh6 45. Rxg8 Nxe6 46. Rh8+ 1-0

[Event "AUTO-INT-3329"]
[Site "http://www.queenalice.com/game.php?id=1547365"]
[Date "2018.10.27"]
[Round "2"]
[White "qxr"]
[Black "Nelsonbento"]
[Result "1-0"]
[WhiteElo "1699"]
[BlackElo "1579"]

1. Nf3 Nc6 2. d4 e6 3. e4 d5 4. e5 Nh6 5. c4 Bb4+ 6. Bd2 dxc4 7. Bxb4 a5 8. Bc3
b5 9. Be2 Nf5 10. g3 O-O 11. O-O Bb7 12. Nbd2 b4 13. Bxb4 axb4 14. Bxc4 Ncxd4
15. Ne1 c5 16. Bd3 Qd5 17. f3 Ne3 18. Qb1 g6 19. Rf2 Qxe5 20. Nf1 f5 21. Nxe3
Qxe3 22. Kg2 g5 23. Qd1 e5 24. Rc1 g4 25. Bc4+ Kg7 26. Be2 f4 27. Nc2 fxg3 28.
Nxe3 gxf3+ 29. Kg1 Nxe2+ 30. Rxe2 fxe2 31. Qxe2 Rf2 32. Qg4+ Kh8 33. Qxg3 Rxb2
34. Qxe5+ Kg8 35. Qxb2 Kf7 36. Rxc5 Rg8+ 37. Kf2 Ke6 38. Qe5+ Kd7 39. Rc7+ Kd8
40. Qe7# 1-0

[Event "Challenge"]
[Site "http://www.queenalice.com/game.php?id=1558157"]
[Date "2019.1.26"]
[Round "-"]
[White "qxr"]
[Black "rumplestiltskin"]
[Result "0-1"]
[WhiteElo "1716"]
[BlackElo "1737"]

1. Nf3 c5 2. e4 d6 3. d4 cxd4 4. Qxd4 Nc6 5. Qe3 e5 6. Bb5 Qa5+ 7. Nc3 Nf6 8.
Bd2 Ng4 9. Qe2 Nf6 10. h3 h6 11. Nd5 Qd8 12. Ba5 Qxa5+ 13. Nd2 Bd7 14. Nxf6+
gxf6 15. c3 a6 16. b4 Qc7 17. Bd3 Ne7 18. c4 b5 19. Nb3 Ng6 20. g3 Ne7 21. Rc1
Nc6 22. cxb5 axb5 23. O-O h5 24. Bxb5 Qb6 25. a4 Qc7 26. Rfd1 Bh6 27. Rc4 O-O
28. Qxh5 Kg7 29. a5 Qb7 0-1